| 000 | 00385nam a2200133 a 4500 | ||
|---|---|---|---|
| 005 | 20140414093843.0 | ||
| 008 | 090422s19uu xx uuu eng d | ||
| 050 |
_aDVD 940.53 _bHOR 2005 |
||
| 245 |
_aHorror in the East : _bturning against the West, death before surrender. |
||
| 440 | _aWorld War II Collection | ||
| 650 | _aWorld War, 1939-1945. | ||
| 942 | _cAVM | ||
| 999 |
_c109437 _d109437 |
||